000 00651nam a2200289Ia 4500
005 20260324133929.0
008 008 260324s9999 xx 000 0 eng d
020 _a9781315812205
037 _aEBOOK
040 _aCRL
040 _beng
040 _cCRL
041 _2eng
041 _aeng
084 _qCRL
100 _aMary Boyle
_91194920
245 0 _aSchizophrenia
245 2 _bA Scientific Delusion?
260 _bTaylor and Francis
260 _c2002
365 _a
365 _b200
856 _uhttp://www.taylorfrancis.com/books/9781315812205
942 _cEBOOK
999 _c1794489
_d1794489